00636cam a2200205 a 4500001000800000005001700008008004100025010001700066020002500083040001800108041000800126080001900134082002300153100000700176101000800183245006300191504006100254504006400315740005100379390833920180202072316.0911121s1992 nyu b 001 0 eng  a 91058630  a0345377443 :c$20.00 aDLCcDLCdDLC aeng a398..082 PIN00a398..082 PIN2201 a50 aSOC10aWomen who run with the wolves :cClarissa Pinkola Estés. a"Education of a young wolf, a bibliography": p. 501-510. aIncludes bibliographical references (p. 471-500) and index.0 aMyths and stories of the wild woman archetype.